000 00284nam a22001337a 4500
008 180201b xxu||||| |||| 00| 0 eng d
020 _a0192622056
041 _aeng
080 _a61
100 _a3
101 _aSHM
245 _aTeaching epidoemiology
_cOlsen,J
942 _2udc
_cBK
999 _c41476
_d41476